| Tag |
First Indicator |
Second Indicator |
Subfields |
| LEADER |
00000cam a2200000 a 4500 |
| 001 |
in00000956830 |
| 005 |
20150926140737.0 |
| 007 |
hd afv|||baca |
| 008 |
860122s1642 miu a 00010 eng d |
| 035 |
|
|
|a (OCoLC)13047379
|
| 035 |
|
|
|9 AEU4120AM
|
| 037 |
|
|
|a CL0037000007
|b UMI
|
| 037 |
|
|
|b University Microfilms International, 300 N. Zeeb Rd., Ann Arbor, MI 48106
|
| 040 |
|
|
|a EAA
|c EAA
|d m/c
|d UtOrBLW
|
| 049 |
|
|
|a TXAI
|
| 099 |
|
|
|a film
|a B
|a 3609
|
| 110 |
1 |
|
|a England and Wales.
|b Parliament.
|
| 245 |
1 |
2 |
|a A declaration of the Lords and Commons assembled in Paliament [as printed] :
|b for the raising of forces, both horse and foot in severall parts of this kingdom, to resist, suppresse, subdue, and pursue : kill and slay and to put to execution : and by all means to destory such papists, and ill affected persons who have traiterously combined together and entred into association : and which have already raised great forces both horse and foot in severall counties of this kingdom and have plundered, spoyled and destroyed multitudes of His Maiesties good subjects : together with certain instructions for the lord lieutenants, deputy-lievtenants and other officers and commanders in the county of Norfolk, Suffolk, Essex, Cambridge, the Ile of Ely, Hartford and the county of the city of Norwich : as also the resolution and association of the afore said counties.
|
| 264 |
|
3 |
|a London :
|b Printed for Edw. Husbands and Joh. Franks,
|c 1642.
|
| 300 |
|
|
|a 8 pages
|
| 336 |
|
|
|a text
|b txt
|2 rdacontent
|
| 337 |
|
|
|a microform
|b h
|2 rdamedia
|
| 338 |
|
|
|a microfilm reel
|b hd
|2 rdacarrier
|
| 500 |
|
|
|a Reproduction of original in Thomason Collection, British Library.
|
| 510 |
4 |
|
|a Wing
|c E1429
|
| 533 |
|
|
|a Microfilm.
|b Ann Arbor, Mich. :
|c University Microfilms,
|d 1967.
|e 1 microfilm reel : 35 mm.
|f (Early English books, 1641-1700 ; 266:E.244, no. 19)
|
| 500 |
|
|
|a Microform.
|
| 610 |
1 |
0 |
|a England and Wales.
|b Army.
|
| 651 |
|
0 |
|a Great Britain
|x History
|y Civil War, 1642-1649
|x Sources.
|
| 830 |
|
0 |
|a Early English books, 1641-1700 ;
|v 266:E.244, no. 19.
|
| 999 |
|
|
|a MARS
|
| 999 |
f |
f |
|s ee5fcbe8-79dc-3c8b-bcd6-370f0a7cabb8
|i 6223f6d0-a08a-376e-973d-b473816a51ad
|t 0
|
| 952 |
f |
f |
|p default
|a Texas A&M University
|b College Station
|c Sterling C. Evans Library
|d Evans: Microforms (3rd floor)
|t 0
|e film B 3609 266:E.244 no. 19
|h Other scheme
|i microform -- microfilm reel
|
| 998 |
f |
f |
|a film B 3609 266:E.244 no. 19
|t 0
|l Evans: Microforms (3rd floor)
|